000 00355pam a2200157a 44500
008 230515b1988 xxu||||| |||| 00| 0 eng d
020 _aNULL
041 _aENGLISH
082 _a630
100 _aJOSHI P B
245 _aENGINEERING THERMODYNAMICS
250 _a2
260 _aDELHI
_bPARAS MEDICAL PUBLISHER
_c1988
300 _a50
650 _aNULL
999 _c651417
_d651417